MARC details
| 000 -LEADER |
| fixed length control field |
02926cam a22003977i 4500 |
| 001 - CONTROL NUMBER |
| control field |
20463849 |
| 003 - CONTROL NUMBER IDENTIFIER |
| control field |
GBCCL |
| 005 - DATE AND TIME OF LATEST TRANSACTION |
| control field |
20241126110731.0 |
| 008 - FIXED-LENGTH DATA ELEMENTS--GENERAL INFORMATION |
| fixed length control field |
180423t20172017mnu b 001 0 eng d |
| 010 ## - |
| -- |
2017471406 |
| 020 ## - INTERNATIONAL STANDARD BOOK NUMBER |
| International Standard Book Number |
9781506414386 |
| Qualifying information |
(paperback ; |
| -- |
alkaline paper) |
| 020 ## - INTERNATIONAL STANDARD BOOK NUMBER |
| International Standard Book Number |
1506414389 |
| Qualifying information |
(paperback ; |
| -- |
alkaline paper) |
| 035 ## - SYSTEM CONTROL NUMBER |
| System control number |
(OCoLC)ocn966534285 |
| 040 ## - CATALOGING SOURCE |
| Original cataloging agency |
YDX |
| Language of cataloging |
eng |
| Transcribing agency |
YDX |
| Description conventions |
rda |
| Modifying agency |
WIO |
| -- |
LNT |
| -- |
OUP |
| -- |
DTM |
| -- |
OCLCF |
| -- |
XII |
| -- |
OCLCQ |
| -- |
DLC |
| 042 ## - |
| -- |
lccopycat |
| 050 00 - |
| -- |
BV230 |
| -- |
.C53 2017 |
| 082 04 - DEWEY DECIMAL CLASSIFICATION NUMBER |
| Classification number |
226.9606 |
| Edition information |
23 |
| Item number |
CLA |
| 100 1# - MAIN ENTRY--PERSONAL NAME |
| Personal name |
Clark, David A. |
| Fuller form of name |
(David Andrew), |
| Dates associated with a name |
1968 May 9- |
| Relator term |
author. |
| 9 (RLIN) |
18066 |
| 245 10 - TITLE STATEMENT |
| Title |
On earth as in heaven : |
| Remainder of title |
the Lord's prayer from Jewish prayer to Christian ritual / |
| Statement of responsibility, etc. |
David Clark. |
| 246 30 - |
| -- |
Lord's prayer from Jewish prayer to Christian ritual |
| 264 #1 - PRODUCTION, PUBLICATION, DISTRIBUTION, MANUFACTURE, AND COPYRIGHT NOTICE |
| Place of production, publication, distribution, manufacture |
Minneapolis : |
| Name of producer, publisher, distributor, manufacturer |
Fortress Press, |
| Date of production, publication, distribution, manufacture, or copyright notice |
[2017] |
| 264 #4 - PRODUCTION, PUBLICATION, DISTRIBUTION, MANUFACTURE, AND COPYRIGHT NOTICE |
| Date of production, publication, distribution, manufacture, or copyright notice |
©2017 |
| 300 ## - PHYSICAL DESCRIPTION |
| Extent |
xx, 224 pages ; |
| Dimensions |
23 cm |
| 336 ## - CONTENT TYPE |
| Content type term |
text |
| Content type code |
txt |
| Source |
rdacontent |
| 337 ## - MEDIA TYPE |
| Media type term |
unmediated |
| Media type code |
n |
| Source |
rdamedia |
| 338 ## - CARRIER TYPE |
| Carrier type term |
volume |
| Carrier type code |
nc |
| Source |
rdacarrier |
| 504 ## - BIBLIOGRAPHY, ETC. NOTE |
| Bibliography, etc. note |
Includes bibliographical references and indexes. |
| 505 0# - FORMATTED CONTENTS NOTE |
| Formatted contents note |
A prayer revival -- Prayer and covenant renewal -- Matthew's vision of heaven and earth -- Order and chaos in the Didache -- Luke on prayer -- Tertullian: "prayer alone conquers God" -- Conclusion -- Appendix: Praying the Lord's Prayer. |
| 520 ## - SUMMARY, ETC. |
| Summary, etc. |
Convinced that our access to the original sense of Jesus's prayer must be mediated by its history of "effects," David Clark seeks to trace the meaning of one of Christianity's most repeated, and thus most "effective" texts through the early centuries of the faith. Clark begins by arguing that the prayer's original context was in a revival of Jewish prayer, then sets it in the literary context of Gospels that, he argues, represented Jesus as recapitulating Israel's testing in the wilderness in his own temptation. He then traces the prayer's meaning within the narratives of Matthew and Luke and in the Didache, then examines the first full commentary on the prayer, that of Tertullian in the third century CE. Clark attends to the evolution of ideas and themes embodied in the prayer and of the understanding of prayer itself across epic transitions, from Judaism to the teaching of Jesus, from Jesus to the Gospels, and from the Gospels to earliest self-consciously "catholic" Christianity. This is an engaging narrative of the history behind and reception of the Lord's Prayer; it illustrates how a text's reception may help us explore and understand the multivalent meaning of the text itself. |
| 630 00 - SUBJECT ADDED ENTRY--UNIFORM TITLE |
| Uniform title |
Lord's prayer |
| General subdivision |
Criticism, interpretation, etc. |
| 9 (RLIN) |
18067 |
| 630 07 - SUBJECT ADDED ENTRY--UNIFORM TITLE |
| Uniform title |
Lord's prayer. |
| Source of heading or term |
fast |
| Authority record control number or standard number |
(OCoLC)fst01356166 |
| 9 (RLIN) |
7948 |
| 655 #7 - INDEX TERM--GENRE/FORM |
| Genre/form data or focus term |
Criticism, interpretation, etc. |
| Source of term |
fast |
| Authority record control number or standard number |
(OCoLC)fst01411635 |
| 9 (RLIN) |
1372 |
| 906 ## - LOCAL DATA ELEMENT F, LDF (RLIN) |
| a |
7 |
| b |
cbc |
| c |
copycat |
| d |
2 |
| e |
ncip |
| f |
20 |
| g |
y-gencatlg |
| 942 ## - ADDED ENTRY ELEMENTS (KOHA) |
| Source of classification or shelving scheme |
Dewey Decimal Classification |
| Koha item type |
Books |